Miasta Wysp Brytyjskich powyżej 300k ludności - Statystyki

Ogólne statystyki
  • Ten quiz został rozwiązany 40 razy
  • Średni wynik to 11 z 15
Statystyki odpowiedzi
Kraj Populacja Miasto % Poprawnych
Szkocja 631 k Glasgow
100%
Anglia 8,7 mln Londyn
100%
Anglia 1,1 mln Birmingham
97%
Irlandia 1,2 mln Dublin
97%
Anglia 500 k Liverpool
97%
Walia 350 k Cardiff
90%
Szkocja 500 k Edynburg
90%
Anglia 470 k Manchester
90%
Irlandia Północna 380 k Belfast
87%
Anglia 540 k Leeds
74%
Anglia 500 k Sheffield
65%
Anglia 425 k Bristol
61%
Anglia 400 k Leicester
42%
Anglia 340 k Coventry
29%
Anglia 340 k Bradford
19%
Nie znaleziono quizów pasujących do podanych kryteriów
Rozkład punktacji
Procent ludzi z każdym wynikiem
Percentyl według liczby udzielonych odpowiedzi
Twoja historia wyników
Nie rozwiązałeś tego quizu